Statistics for Countries with the most letters

Click here to take the quiz!

General Stats

  • This quiz has been taken 33 times
  • The average score is 11 of 14

Answer Stats

LettersAnswer% Correct
28Democratic Republic of the Congo
100%
17Dominican Republic
90%
17Antigua and Barbuda
87%
18Republic of the Congo
87%
18United Arab Emirates
87%
17Trinidad and Tobago
83%
27Federated States of Micronesia
77%
18Saint Kitts and Nevis
77%
28Saint Vincent and the Grenadines
77%
15Marshall Islands
73%
18São Tomé and Príncipe
73%
22Central African Republic
67%
16Equatorial Guinea
57%
20Bosnia and Herzegovina
53%

Score Distribution

Percentile by Number Answered

Percent of People with Each Score

Your Score History

You have not taken this quiz